Carregant...
Manorama Yearbook 2018/
| Altres autors: | |
|---|---|
| Format: | Printed Book |
| Publicat: |
Kottayam:
Malayala Manoram,
2018.
|
| Matèries: |
| LEADER | 00461nam a22001337a 4500 | ||
|---|---|---|---|
| 999 | |c 156190 |d 156186 | ||
| 082 | |a R 052 |b N0; Q8 | ||
| 245 | |a Manorama Yearbook 2018/ |c ed by Mammen Mathew. | ||
| 260 | |a Kottayam: |b Malayala Manoram, |c 2018. | ||
| 300 | |a 1039p. | ||
| 650 | |a Yearbooks. |9 71706 | ||
| 700 | |a Mammen Mathew, Ed. |9 71707 | ||
| 942 | |c REF | ||
| 952 | |0 0 |1 0 |4 0 |6 R_052_000000000000000_N0_Q8 |7 1 |8 REF |9 154645 |a MGUL |b MGUL |c GEN |d 2018-02-22 |l 0 |o R 052 N0; Q8 |p 58071 |r 2018-02-22 |y REF | ||